|
|
|
|
| LEADER |
01143nam a2200301 a 4500 |
| 001 |
4048 |
| 003 |
BD-DhAAL |
| 005 |
20150419153922.0 |
| 008 |
150419s1998 enka b 001 0 eng |
| 010 |
|
|
|a 97039366
|
| 020 |
|
|
|a 0335198724 (hardcover)
|
| 020 |
|
|
|a 0335198716 (pbk.)
|
| 040 |
|
|
|a DLC
|c DLC
|d DLC
|d DLC
|d BD-DhAAL
|
| 050 |
0 |
0 |
|a LB1062
|b .D84 1998
|
| 082 |
0 |
0 |
|a 370.15/7
|2 21
|
| 100 |
1 |
|
|a Duffy, Bernadette,
|d 1958-
|9 10573
|
| 245 |
1 |
0 |
|a Supporting creativity and imagination in the early years /
|c Bernadette Duffy.
|
| 260 |
|
|
|a Buckingham [England] ;
|a Philadelphia :
|b Open University Press,
|c 1998.
|
| 300 |
|
|
|a xviii, 156 p. :
|b ill. ;
|c 24 cm.
|
| 490 |
|
|
|a Supporting early learning
|
| 504 |
|
|
|a Includes bibliographical references (p. [152]-154) and index.
|
| 541 |
|
|
|e 4048
|
| 650 |
|
0 |
|a Imagination in children.
|9 10574
|
| 650 |
|
0 |
|a Creative ability in children.
|9 10575
|
| 650 |
|
0 |
|a Early childhood education.
|9 10576
|
| 942 |
|
|
|2 ddc
|c BK
|
| 999 |
|
|
|c 34278
|d 34278
|
| 952 |
|
|
|0 0
|1 0
|2 ddc
|4 0
|6 370_157000000000000_DUF
|7 0
|9 53513
|a SCL
|b SCL
|c GEN
|d 2015-04-19
|l 2
|m 2
|o 370.157 DUF
|p 3020004048
|r 2022-06-16
|s 2022-06-16
|t 1
|w 2015-04-19
|y BK
|